000 00471nam a2200169 4500
005 20260109154721.0
008 260109b |||||||| |||| 00| 0 eng d
020 _a978-0-7535-5391-6
041 _aEnglish
082 _aX 153.42 GRA
_bB12158
100 _aGrant, Adam
_9216297
245 _aThink Again: The Power of Knowing What you Don't Know
260 _aNew Delhi
_bPenguin Random House
_c2023
300 _a308p
_bpb
365 _aRupaye
_b484
_cINR
942 _cBK
999 _c369839
_d369839